000 00625nam a22002057a 4500
003 NUST-PNEC
005 20170116180742.0
008 141222b xxu||||| |||| 00| 0 eng d
020 _a8120309421
040 _cPNEC
082 _a160 COP
100 _91132
_aCopi Irving M
245 _aIntroduction to logic
_cIrving M Copi; Carl Cohen
250 _a9th ed.
260 _aNew Delhi :
_bPrentice Hall of India,
_cc2002.
300 _aXIX, 729 p. :
_bgraph. Darst.
500 _aIncludes index.
856 _uhttps://www.worldcat.org/title/introduction-to-logic/oclc/314468168&referer=brief_results
942 _2ddc
_cBK
999 _c62203
_d62203